| 000 | 00661nam a22001937a 4500 | ||
|---|---|---|---|
| 999 |
_c17525 _d17525 |
||
| 003 | BDDh-ASL | ||
| 005 | 20231015025547.0 | ||
| 008 | 161215s1975 bg ||||| |||| 00| 0 eng | | ||
| 040 |
_cBDDh-ASL _dBDDh-ASL |
||
| 082 |
_a922.97 _bALM |
||
| 245 | 0 | 0 |
_aAL-MUSNAD MIN MASA'IL ABI 'ABD ALLAH AHMAD B. MUHAMAD B. HANBAL: _bwith an Introduction in English/ _cDr. Ziauddin Ahmed |
| 260 |
_aDacca: _bAsiatic Society of Bangladesh, _c1975. |
||
| 300 |
_c24 cm. _a707 p. : |
||
| 440 |
_aAsiatic Society of Bangladesh publication; _vno. 32 _9128 |
||
| 504 | _aBibliography: p [20]-29 | ||
| 651 |
_xBangladesh _931 |
||
| 700 |
_aAhmed, Dr. Ziauddin _9129 |
||
| 942 |
_2ddc _cBK |
||